Language Quiz

Random Language or Sporcle Quiz

Sporcle Jumble Quiz Stats

 Plays Quiz Updated Feb 3, 2019

Score 0/56 Timer 07:00
0 Plays Today
Lettter Word % Correct
SSEW
99.6%
SSOON
96.8%
PPEN
95.1%
OODD
93.1%
PPARK
92.2%
CCOP
90%
LLAY
88.6%
EEYE
88.4%
RRYE
87.8%
LLAND
86%
SSANDY
85.3%
EEXIT
83.8%
PPIECE
83.4%
RREIN
82%
OOILY
81.8%
RRISKY
81.1%
OOXYGEN
80.1%
OOFFER
77.9%
CCARRY
76.9%
CCZAR
74.3%
EEIGHT
71.8%
LLITTLE
71.2%
LLAUGH
68.5%
RRABBIT
67.5%
EENOUGH
62.8%
SSTRONG
61.3%
PPHYSICS
58.6%
PPHOTON
53.8%
Lettter Word % Correct
CCAMPUS
51.9%
RREVENGE
50%
EEXTREME
43.3%
LLIBRARY
40.2%
EEVERYTHING
40%
CCROOKED
38.7%
RRENEGADE
36.6%
LLANGUAGE
28.7%
EELECTRIC
26.8%
CCEMETERY
25%
RRASPBERRY
23.9%
OORGANIC
22.9%
PPATIENCE
22.5%
CCOMPLIMENT
22.1%
PPOSSESSION
21.5%
SSYMBOLIC
19%
OOVERFLOW
18.2%
SSILICON
14.8%
OOMNISCIENT
14.6%
CCROCODILE
14.3%
SSKEPTICAL
13.7%
EEUPHEMISM
12.2%
LLIGHTHOUSE
11.3%
OOBSESSIVE
10.7%
PPHOSPHATE
9.1%
RREBELLIOUS
6.6%
SSOMERSAULT
3.9%
LLOOSELEAF
3.8%

You're not logged in!

Compare scores with friends on all Sporcle quizzes.
OR
Log In

Show Comments

Extras

Top Quizzes Today


Score Distribution

Your Account Isn't Verified!

In order to create a playlist on Sporcle, you need to verify the email address you used during registration. Go to your Sporcle Settings to finish the process.

Report this User

Report this user for behavior that violates our Community Guidelines.

Details: